[Decretos ejecutivos] /
Salvato in:
| Ente Autore: | |
|---|---|
| Natura: | Libro |
| Lingua: | Spanish |
| Pubblicazione: |
Costa Rica :
MIDEPLAN
1998?
|
| Tags: |
Aggiungi Tag
Nessun Tag, puoi essere il primo ad aggiungerne!!
|
MARC
| LEADER | 00000nam a2200000 4500 | ||
|---|---|---|---|
| 003 | cru CIDCACS/IIS | ||
| 005 | 20200925161123.0 | ||
| 007 | ta | ||
| 008 | 161012|1998 cr ||||| |||| 00| 0 spa d | ||
| 040 | |c CRAI/IIS |a CRAI/IIS | ||
| 090 | |a 16.04.01 C837d | ||
| 110 | 1 | |9 157 |a Costa Rica. |b Ministerio de Planificación Nacional y Política Económica | |
| 245 | 1 | 1 | |a [Decretos ejecutivos] / |c MIDEPLAN |
| 260 | |a Costa Rica : |b MIDEPLAN |c 1998? | ||
| 300 | |a 34 páginas | ||
| 942 | |2 ddc |c LI | ||
| 999 | |c 18594 |d 18594 | ||
